[Event "COL Students-ch (Women)"]
[Site "Santa Fe"]
[Date "2023.09.24"]
[Round "4"]
[White "Gomez Vasquez, Laura Sofia"]
[Black "Rivas Garcia, Maria Fernanda"]
[Result "1/2-1/2"]
[WhiteElo "1657"]
[BlackElo "1223"]
[PlyCount "89"]
[EventDate "2023.09.23"]
[EventType "swiss"]
[EventRounds "6"]
[EventCountry "COL"]
[SourceTitle "EXT 2024"]
[Source "ChessBase"]
[SourceDate "2023.10.10"]
[SourceVersion "1"]
[SourceVersionDate "2023.10.10"]
[SourceQuality "1"]

1. e4 e6 2. d3 d5 3. Nd2 Nc6 4. Ngf3 Nf6 5. g3 dxe4 6. dxe4 e5 7. Bg2 Bc5 8. 0-0 0-0 9. Qe2 a5 10. Nc4 Qe7 11. Bg5 h6 12. Bxf6 Qxf6 13. Ne3 Bxe3 14. Qxe3 Bg4 15. c3 a4 16. h3 Be6 17. a3 b6 18. Nd2 Rad8 19. f4 Na5 20. f5 Bc4 21. Nxc4 Nxc4 22. Qe2 b5 23. Rad1 Qb6+ 24. Kh1 Qe3 25. Qxe3 Nxe3 26. Rxd8 Rxd8 27. Rf3 Nxg2 28. Kxg2 Rd2+ 29. Rf2 Rd1 30. Re2 Kf8 31. Kf3 Ke7 32. Ke3 Rg1 33. Kf2 Rh1 34. h4 Rh2+ 35. Ke3 Rxe2+ 36. Kxe2 Kd6 37. g4 Kc5 38. Kd3 c6 39. g5 h5 40. Kd2 Kc4 41. Kc2 c5 42. g6 f6 43. Kd2 b4 44. Kc2 bxa3 45. bxa3 1/2-1/2

[Event "COL-chT (Women)"]
[Site "Santa Marta"]
[Date "2022.11.05"]
[Round "7.4"]
[White "De La Hoz Contreras, Tala Daniela"]
[Black "Gomez Vasquez, Laura Sofia"]
[Result "0-1"]
[WhiteElo "1155"]
[BlackElo "1666"]
[PlyCount "36"]
[EventDate "2022.11.02"]
[EventType "team-swiss"]
[EventRounds "7"]
[EventCountry "COL"]
[SourceTitle "CBM 211 Extra"]
[Source "ChessBase"]
[SourceDate "2023.01.31"]
[SourceVersion "1"]
[SourceVersionDate "2023.01.31"]
[SourceQuality "1"]
[WhiteTeam "San Andres Isla (W)"]
[BlackTeam "Antioquia (W) II"]
[WhiteTeamCountry "COL"]
[BlackTeamCountry "COL"]

1. e4 c5 2. Nf3 Nc6 3. Bc4 g6 4. 0-0 Bg7 5. Nc3 d6 6. d3 e6 7. Bg5 Nge7 8. Qe2 0-0 9. Rad1 a6 10. Qd2 b5 11. Bb3 Bb7 12. Rfe1 Re8 13. a3 Qb6 14. Bf4 Rad8 15. Bh6 d5 16. Bxg7 Kxg7 17. e5 c4 18. Ba2 Ng8 0-1

[Event "COL-chT Rapid (Women)"]
[Site "Santa Marta"]
[Date "2022.11.05"]
[Round "6.4"]
[White "Gomez Vasquez, Laura Sofia"]
[Black "Rosado Perez, Maria Jose"]
[Result "0-1"]
[WhiteElo "1596"]
[BlackElo "1781"]
[PlyCount "40"]
[EventDate "2022.11.02"]
[EventType "team-swiss"]
[EventRounds "7"]
[EventCountry "COL"]
[SourceTitle "CBM 211 Extra"]
[Source "ChessBase"]
[SourceDate "2023.01.31"]
[SourceVersion "1"]
[SourceVersionDate "2023.01.31"]
[SourceQuality "1"]
[WhiteTeam "Antioquia (W) II"]
[BlackTeam "Bolivar (W)"]
[WhiteTeamCountry "COL"]
[BlackTeamCountry "COL"]

1. e4 e5 2. Nf3 Nc6 3. Bb5 a6 4. Ba4 Nf6 5. d3 b5 6. Bb3 Bc5 7. c3 Bb6 8. 0-0 0-0 9. a4 Bb7 10. Re1 Na5 11. Bc2 Re8 12. b4 Nc6 13. Bb3 h6 14. h3 d6 15. Nbd2 Ne7 16. Nf1 c5 17. bxc5 Bxc5 18. axb5 axb5 19. Rxa8 Qxa8 20. Bb2 Qa7 0-1

[Event "COL-chT (Women)"]
[Site "Santa Marta"]
[Date "2022.11.02"]
[Round "1.4"]
[White "Gomez Vasquez, Laura Sofia"]
[Black "Durango Gomez, Daniela Andrea"]
[Result "1-0"]
[WhiteElo "1666"]
[BlackElo "1594"]
[PlyCount "31"]
[EventDate "2022.11.02"]
[EventType "team-swiss"]
[EventRounds "7"]
[EventCountry "COL"]
[SourceTitle "CBM 211 Extra"]
[Source "ChessBase"]
[SourceDate "2023.01.31"]
[SourceVersion "1"]
[SourceVersionDate "2023.01.31"]
[SourceQuality "1"]
[WhiteTeam "Antioquia (W) II"]
[BlackTeam "Cordoba (W)"]
[WhiteTeamCountry "COL"]
[BlackTeamCountry "COL"]

1. e4 e5 2. Nf3 Nc6 3. Bb5 a6 4. Ba4 Nf6 5. d3 d6 6. c3 Be7 7. 0-0 0-0 8. h3 Nh5 9. Nh2 Nf4 10. Bxf4 exf4 11. d4 Bg5 12. Bc2 f5 13. Nd2 Ne7 14. Qh5 Ng6 15. Ndf3 Bh6 16. exf5 1-0

[Event "COL-chT (Women)"]
[Site "Medellin"]
[Date "2021.12.09"]
[Round "2.4"]
[White "Dominguez, Laura Lucia"]
[Black "Gomez Vasquez, Laura Sofia"]
[Result "1-0"]
[WhiteElo "1983"]
[BlackElo "1612"]
[PlyCount "141"]
[EventDate "2021.12.09"]
[EventType "team-tourn"]
[EventRounds "5"]
[EventCountry "COL"]
[SourceTitle "CBM 205 Extra"]
[Source "ChessBase"]
[SourceDate "2022.01.31"]
[SourceVersion "1"]
[SourceVersionDate "2022.01.31"]
[SourceQuality "1"]
[WhiteTeam "Liga del Valle (W)"]
[BlackTeam "Medellin Universidad (W)"]
[WhiteTeamCountry "COL"]
[BlackTeamCountry "COL"]

1. e4 e5 2. Nf3 Nf6 3. Nxe5 d6 4. Nc4 Nxe4 5. Nc3 Nxc3 6. bxc3 Nc6 7. d4 Bf5 8. Ne3 Bg6 9. Rb1 Rb8 10. Qf3 Na5 11. Bd3 Be7 12. 0-0 0-0 13. Nf5 Bf6 14. Bf4 Nc6 15. h3 Bg5 16. Be3 Qf6 17. Rb3 Bxf5 18. Qxf5 Qxf5 19. Bxf5 Bxe3 20. fxe3 Na5 21. Ra3 Nc4 22. Rxa7 Nxe3 23. Rf3 Nxf5 24. Rxf5 c6 25. Rfa5 Rfe8 26. Kf2 d5 27. c4 dxc4 28. Rc5 Kf8 29. Rxc4 Re7 30. Rb4 b5 31. Rxe7 Kxe7 32. a4 Rd8 33. axb5 cxb5 34. Rxb5 Rxd4 35. Ke3 Rc4 36. Rb2 Ke6 37. Kd3 Rc6 38. c4 g5 39. Re2+ Kd6 40. g4 Ra6 41. Kd4 Ra3 42. Re3 Ra1 43. Rf3 Rd1+ 44. Kc3 Rc1+ 45. Kd3 Rd1+ 46. Kc2 Rh1 47. Kc3 Rc1+ 48. Kb4 Rb1+ 49. Rb3 Rc1 50. Kb5 Rc2 51. Rd3+ Kc7 52. Kc5 Rf2 53. Ra3 Rf6 54. Ra7+ Kd8 55. Kd5 Rf3 56. c5 Rxh3 57. Rxf7 h5 58. gxh5 Rxh5 59. Rf5 Rh2 60. Rxg5 Kc7 61. Rg7+ Kc8 62. Kc6 Rh6+ 63. Kb5 Rh2 64. Kb6 Rh1 65. Rg8+ Kd7 66. c6+ Kd6 67. Rd8+ Ke7 68. c7 Rb1+ 69. Ka5 Ra1+ 70. Kb4 Rb1+ 71. Ka3 1-0

[Event "COL-ch sf"]
[Site "Medellin"]
[Date "2020.11.13"]
[Round "2"]
[White "Gomez Vasquez, Laura Sofia"]
[Black "Quiros, Juan Pablo"]
[Result "0-1"]
[WhiteElo "1660"]
[BlackElo "2091"]
[PlyCount "48"]
[EventDate "2020.11.12"]
[EventType "swiss"]
[EventRounds "8"]
[EventCountry "COL"]
[SourceTitle "CBM 199 Extra"]
[Source "ChessBase"]
[SourceDate "2021.01.31"]
[SourceVersion "1"]
[SourceVersionDate "2021.01.31"]
[SourceQuality "1"]

1. e4 e6 2. d3 d5 3. Nd2 Nf6 4. Ngf3 Be7 5. g3 b6 6. Bg2 Bb7 7. e5 Nfd7 8. 0-0 c5 9. Re1 Nc6 10. Nf1 g5 11. h3 h6 12. c3 Rg8 13. g4 Qc7 14. Qe2 Nf8 15. Ng3 Ng6 16. Nh5 b5 17. Bd2 Qb6 18. a3 a5 19. b3 Rd8 20. Rab1 d4 21. c4 b4 22. a4 Nb8 23. Nh2 Nc6 24. Nf3 Qc7 0-1

[Event "Medellin Aristizabal Cup"]
[Site "Medellin"]
[Date "2019.06.23"]
[Round "4"]
[White "Gomez Vasquez, Laura Sofia"]
[Black "Ortiz Lopera, Miguel Angel"]
[Result "1-0"]
[WhiteElo "1774"]
[BlackElo "1189"]
[PlyCount "47"]
[EventDate "2019.06.21"]
[EventType "swiss"]
[EventRounds "7"]
[EventCountry "COL"]
[SourceTitle "EXT 2020"]
[Source "ChessBase"]
[SourceDate "2019.10.17"]
[SourceVersion "1"]
[SourceVersionDate "2019.10.17"]
[SourceQuality "1"]

1. e4 e5 2. Nf3 Nc6 3. Bb5 a6 4. Ba4 Nge7 5. 0-0 b5 6. Bb3 h6 7. d4 d6 8. dxe5 Bg4 9. exd6 cxd6 10. h3 Bxf3 11. Qxf3 Ne5 12. Qe2 g5 13. f4 gxf4 14. Bxf4 N7g6 15. Bxe5 Nxe5 16. Qh5 Qe7 17. Qf5 Rg8 18. Nc3 Rg5 19. Qf2 Qa7 20. Nd5 Qxf2+ 21. Rxf2 0-0-0 22. a4 Kb7 23. axb5 axb5 24. Ra5 1-0

[Event "Medellin Aristizabal Cup"]
[Site "Medellin"]
[Date "2019.06.22"]
[Round "3"]
[White "Valencia Ceballos, Daniel"]
[Black "Gomez Vasquez, Laura Sofia"]
[Result "0-1"]
[WhiteElo "1601"]
[BlackElo "1774"]
[PlyCount "31"]
[EventDate "2019.06.21"]
[EventType "swiss"]
[EventRounds "7"]
[EventCountry "COL"]
[SourceTitle "EXT 2020"]
[Source "ChessBase"]
[SourceDate "2019.10.17"]
[SourceVersion "1"]
[SourceVersionDate "2019.10.17"]
[SourceQuality "1"]

1. Nf3 d5 2. d4 e6 3. c4 c6 4. Nc3 f5 5. Bf4 Nf6 6. e3 Be7 7. cxd5 exd5 8. Bd3 0-0 9. 0-0 Ne4 10. Bxe4 fxe4 11. Ne5 Nd7 12. Qb3 Kh8 13. Rac1 Bf6 14. Na4 Bxe5 15. Bxe5 Nxe5 16. dxe5 0-1

[Event "COL-ch sf1"]
[Site "Medellin"]
[Date "2019.04.20"]
[Round "9"]
[White "Vanegas, Ricardo"]
[Black "Gomez Vasquez, Laura Sofia"]
[Result "1-0"]
[WhiteElo "1818"]
[BlackElo "1656"]
[PlyCount "47"]
[EventDate "2019.04.16"]
[EventType "swiss"]
[EventRounds "10"]
[EventCountry "COL"]
[SourceTitle "CBM 190 Extra"]
[Source "ChessBase"]
[SourceDate "2019.07.15"]
[SourceVersion "1"]
[SourceVersionDate "2019.07.15"]
[SourceQuality "1"]

1. e4 c5 2. Nf3 Nc6 3. d4 cxd4 4. Nxd4 g6 5. Nc3 Bg7 6. Be3 Nf6 7. Nxc6 bxc6 8. e5 Nd5 9. Nxd5 cxd5 10. Qxd5 Rb8 11. Bc4 0-0 12. 0-0-0 Qc7 13. Bb3 Bxe5 14. Qc5 a5 15. Rd5 Bd6 16. Qxa5 Qc6 17. Qd2 Rb4 18. h4 Rg4 19. f3 Rg3 20. Bg1 Qc7 21. Kb1 Bf4 22. Qe2 Bb7 23. Rd1 Qc6 24. Bh2 1-0

[Event "COL-ch sf1"]
[Site "Medellin"]
[Date "2019.04.19"]
[Round "7"]
[White "Rosado Perez, Maria Jose"]
[Black "Gomez Vasquez, Laura Sofia"]
[Result "0-1"]
[WhiteElo "1846"]
[BlackElo "1656"]
[PlyCount "22"]
[EventDate "2019.04.16"]
[EventType "swiss"]
[EventRounds "10"]
[EventCountry "COL"]
[SourceTitle "CBM 190 Extra"]
[Source "ChessBase"]
[SourceDate "2019.07.15"]
[SourceVersion "1"]
[SourceVersionDate "2019.07.15"]
[SourceQuality "1"]

1. e4 c5 2. Nf3 Nc6 3. d4 cxd4 4. Nxd4 g6 5. c4 Bg7 6. Be3 Nf6 7. Nc3 d6 8. f3 0-0 9. Be2 Bd7 10. 0-0 Nxd4 11. Bxd4 a5 0-1

[Event "COL-ch sf1"]
[Site "Medellin"]
[Date "2019.04.17"]
[Round "3"]
[White "Gonzalez Mojica, Renan Arturo"]
[Black "Gomez Vasquez, Laura Sofia"]
[Result "0-1"]
[WhiteElo "1175"]
[BlackElo "1656"]
[PlyCount "30"]
[EventDate "2019.04.16"]
[EventType "swiss"]
[EventRounds "10"]
[EventCountry "COL"]
[SourceTitle "CBM 190 Extra"]
[Source "ChessBase"]
[SourceDate "2019.07.15"]
[SourceVersion "1"]
[SourceVersionDate "2019.07.15"]
[SourceQuality "1"]

1. c4 c6 2. g3 Nf6 3. Bg2 d5 4. cxd5 cxd5 5. Nf3 Nc6 6. 0-0 Bf5 7. d3 e6 8. Bd2 Be7 9. Nh4 Bg6 10. Nc3 Nd7 11. Nxg6 hxg6 12. e4 dxe4 13. dxe4 0-0 14. Be3 Nde5 15. Qa4 Ng4 0-1

[Event "COL-ch U2000"]
[Site "Pereira"]
[Date "2019.03.25"]
[Round "9"]
[White "Torres, Saulo de Jesus"]
[Black "Gomez Vasquez, Laura Sofia"]
[Result "1/2-1/2"]
[WhiteElo "1839"]
[BlackElo "1603"]
[PlyCount "45"]
[EventDate "2019.03.21"]
[EventType "swiss"]
[EventRounds "9"]
[EventCountry "COL"]
[SourceTitle "CBM 189 Extra"]
[Source "ChessBase"]
[SourceDate "2019.06.03"]
[SourceVersion "1"]
[SourceVersionDate "2019.06.03"]
[SourceQuality "1"]

1. e4 c5 2. Nf3 Nc6 3. d4 cxd4 4. Nxd4 g6 5. f4 Bg7 6. Nf3 d6 7. Bd3 Qb6 8. Nc3 Bg4 9. Nd5 Qd8 10. c3 Nf6 11. Ne3 0-0 12. 0-0 Bxf3 13. Qxf3 Nd7 14. Kh1 Nc5 15. Bc2 a5 16. Qh3 a4 17. a3 Na5 18. f5 Nab3 19. Rb1 Nxc1 20. Rbxc1 Qb6 21. Rb1 Qc6 22. Nd5 Qd7 23. Qh4 1/2-1/2

[Event "COL-ch U2000"]
[Site "Pereira"]
[Date "2019.03.24"]
[Round "7"]
[White "Gomez Vasquez, Laura Sofia"]
[Black "Moncada Correa, Sara"]
[Result "0-1"]
[WhiteElo "1603"]
[BlackElo "1849"]
[PlyCount "50"]
[EventDate "2019.03.21"]
[EventType "swiss"]
[EventRounds "9"]
[EventCountry "COL"]
[SourceTitle "CBM 189 Extra"]
[Source "ChessBase"]
[SourceDate "2019.06.03"]
[SourceVersion "1"]
[SourceVersionDate "2019.06.03"]
[SourceQuality "1"]

1. e4 d5 2. exd5 Nf6 3. d4 Bg4 4. f3 Bf5 5. Bd3 Qxd5 6. c3 Bxd3 7. Qxd3 Nc6 8. Ne2 0-0-0 9. 0-0 e5 10. Qf5+ Kb8 11. Be3 Be7 12. dxe5 g6 13. Qc2 Qxe5 14. Bd4 Nxd4 15. cxd4 Qe3+ 16. Kh1 Bd6 17. Nbc3 Qh6 18. g3 Nh5 19. Kg2 a6 20. Ne4 f5 21. Nxd6 Rxd6 22. Rac1 Rc6 23. Qd3 Rxc1 24. Rxc1 Re8 25. Qc4 Rxe2+ 0-1